书目信息 |
| 题名: |
油茶常见病及昆虫原色生态图鉴
|
|
| 作者: | 何学友 编著 | |
| 分册: | ||
| 出版信息: | 北京 科学出版社 2016.08 |
|
| 页数: | 247页 | |
| 开本: | 26cm | |
| 丛书名: | ||
| 单 册: | ||
| 中图分类: | S763.744-64 | |
| 科图分类: | ||
| 主题词: | 油茶--病虫害防治--图谱 | |
| 电子资源: | ||
| ISBN: | 978-7-03-048869-5 | |
| 000 | 00963nam0 2200229 450 | |
| 001 | 3875 | |
| 005 | 20181008165558.76 | |
| 010 | @a978-7-03-048869-5@dCNY180.00 | |
| 100 | @a20161019d2016 em y0chiy50 ea | |
| 101 | 0 | @achi |
| 102 | @aCN@b110000 | |
| 105 | @aa z 000yy | |
| 200 | 1 | @a油茶常见病及昆虫原色生态图鉴@9you cha chang jian bing ji kun chong yuan se sheng tai tu jian@dThe illustrated handbook of diseases and insects of oil-tea camellia@f何学友编著@zeng |
| 210 | @a北京@c科学出版社@d2016.08 | |
| 215 | @a247页@d26cm | |
| 330 | @a本书分油茶病害、油茶虫害、油茶传粉昆虫三个部分。书中记载了油茶病害17种、虫害84种及重要的传粉昆虫,每种均附有生态照片,基本涵盖了目前我国相关报道的主要种类。 | |
| 510 | 1 | @aIllustrated handbook of diseases and insects of oil-tea camellia@zeng |
| 606 | 0 | @a油茶@x病虫害防治@j图谱 |
| 690 | @aS763.744-64@v5 | |
| 701 | 0 | @a何学友@9he xue you@4编著 |
| 801 | 0 | @aCN@b91MARC@c20161019 |
| 905 | @aMuseLib@dS763.744-64@e109 | |
| 油茶常见病及昆虫原色生态图鉴=The illustrated handbook of diseases and insects of oil-tea camellia/何学友编著.-北京:科学出版社,2016.08 |
| 247页;26cm |
| ISBN 978-7-03-048869-5:CNY180.00 |
| 本书分油茶病害、油茶虫害、油茶传粉昆虫三个部分。书中记载了油茶病害17种、虫害84种及重要的传粉昆虫,每种均附有生态照片,基本涵盖了目前我国相关报道的主要种类。 |
| ● |
| 相关链接 |
|
|
|
|
正题名:油茶常见病及昆虫原色生态图鉴
索取号:S763.744-64/109
 
预约/预借
| 序号 | 登录号 | 条形码 | 馆藏地/架位号 | 状态 | 备注 |
| 1 | 1123999 | 211239998 | 第二样本阅览室/ [索取号:S763.744-64/109] | 在馆 | |
| 2 | 1124000 | 211240003 | 第三借阅区/ [索取号:S763.744-64/109] | 在馆 |